| 000 | 004520000a22001810004500 | ||
|---|---|---|---|
| 001 | 003442 | ||
| 003 | MACL | ||
| 005 | 20150704160719.0 | ||
| 008 | 150704b xxu||||| |||| 00| 0 eng d | ||
| 040 |
_aMACL _cMACL |
||
| 041 | _aEnglish | ||
| 100 |
_aBurdwan University _9679 |
||
| 245 | _aCommunalism in Contemporary India | ||
| 260 |
_aBurdwan University, _c1994 _bBurdwan |
||
| 350 | _a100 | ||
| 650 |
_aSocial Science _929 |
||
| 942 |
_k302.14 _cBK _2ddc |
||
| 999 |
_c15343 _d15343 |
||